[Event "Berze Memorial 7th"]
[Site "Godollo"]
[Date "1996.??.??"]
[Round "?"]
[White "Dian, Istvan"]
[Black "Hoensch, Pal"]
[Result "1-0"]
[WhiteElo "1825"]
[BlackElo "2075"]
[PlyCount "79"]
[EventDate "1996.??.??"]
[EventType "swiss"]
[EventRounds "9"]
[EventCountry "HUN"]
[SourceTitle "EXT 2004"]
[Source "ChessBase"]
[SourceDate "2003.11.25"]
[SourceVersion "1"]
[SourceVersionDate "2003.11.25"]
[SourceQuality "1"]

1. d4 Nf6 2. c4 e6 3. Nc3 c5 4. d5 exd5 5. Nxd5 Nxd5 6. Qxd5 Nc6 7. Nf3 d6 8. e4 Be6 9. Qd1 Be7 10. a3 0-0 11. Be2 Bf6 12. 0-0 Qc7 13. Qc2 g6 14. Bh6 Rfe8 15. Rad1 Ne5 16. Bf4 Rad8 17. Nxe5 dxe5 18. Be3 Bg7 19. Rxd8 Rxd8 20. Rd1 Rxd1+ 21. Qxd1 h6 22. Qd2 Kh7 23. h3 f5 24. Qc2 f4 25. Bd2 Qf7 26. b3 Qd7 27. Qd3 Qe7 28. Be1 Bf6 29. Qc3 b6 30. Kf1 h5 31. b4 Qd7 32. Qd3 Qc8 33. Qd6 cxb4 34. axb4 Bg7 35. c5 bxc5 36. Qxc5 Qb8 37. b5 Bf8 38. Qc6 Bc8 39. Qe8 Bc5 40. Bc4 1-0

[Event "Berze Memorial 7th"]
[Site "Godollo"]
[Date "1996.??.??"]
[Round "?"]
[White "Timar, Zsolt"]
[Black "Dian, Istvan"]
[Result "1-0"]
[WhiteElo "2210"]
[BlackElo "1825"]
[PlyCount "53"]
[EventDate "1996.??.??"]
[EventType "swiss"]
[EventRounds "9"]
[EventCountry "HUN"]
[SourceTitle "EXT 2004"]
[Source "ChessBase"]
[SourceDate "2003.11.25"]
[SourceVersion "1"]
[SourceVersionDate "2003.11.25"]
[SourceQuality "1"]

1. e4 c6 2. d4 d5 3. Nc3 dxe4 4. Nxe4 Bf5 5. Ng3 Bg6 6. Nf3 Nd7 7. h4 h6 8. h5 Bh7 9. Bd3 Bxd3 10. Qxd3 Qc7 11. Bd2 Ngf6 12. 0-0-0 e6 13. Ne4 Nxe4 14. Qxe4 Nf6 15. Qe2 0-0-0 16. g3 Bd6 17. Kb1 Kb8 18. c4 c5 19. Bc3 Qe7 20. Ne5 Ka8 21. f4 cxd4 22. Bxd4 Bxe5 23. Qxe5 Rd7 24. Qa5 Rxd4 25. Rxd4 Rc8 26. Rhd1 b6 27. Qd2 1-0